000 00636nam a2200169 a 4500
001 000029861
005 20200930055849.0
008 110426s1998 dr 000 0 spa d
040 _aDO-SdBNP
_bspa
_cBNPHU
082 _axxxx
111 2 _aJornada Nacional de Alfabetización "Alfabeticemos ahora"
_d(1998, oct. :
_cSanto Domingo )
_d1998
_956609
245 0 0 _aPlan decenal de educación :
_btercera parte.
260 _aSanto Domingo :
_bSEEC,
_c1998.
300 _a45 p. ;
_c29 cm.
710 1 _aRepública Dominicana.
_bSecretaría de Estado de Educación y Cultutra,
_bDirección General de Educación de Adultos
_956610
049 _aBNPD
999 _c29353
_d29353